ბათუმის შოთა რუსთაველის სახელმწიფო უნივერსიტეტის ბიბლიოთეკა

ანისის აღება (ბიბ.ჩანაწერი № 42405)

000 -LEADER
fixed length control field 00826nam a2200241Ia 4500
001 - CONTROL NUMBER
control field 9101
003 - CONTROL NUMBER IDENTIFIER
control field GE_BSU
008 - FIXED-LENGTH DATA ELEMENTS--GENERAL INFORMATION
fixed length control field 181216s||||||||xx |||||||||||||| ||und||
040 ## - CATALOGING SOURCE
Transcribing agency GE_BSU
080 ## - UNIVERSAL DECIMAL CLASSIFICATION NUMBER
Universal Decimal Classification number 821.353.1-11
100 ## - MAIN ENTRY--PERSONAL NAME
Personal name ლებანიძე,მურმან
245 ## - TITLE STATEMENT
Title ანისის აღება
245 ## - TITLE STATEMENT
Remainder of title ისტორიული პოემა და ლექსები
245 ## - TITLE STATEMENT
Statement of responsibility, etc. რედ:მ.ქოიავა;მხატვ:ო.ჯიშკარიანი
260 ## - PUBLICATION, DISTRIBUTION, ETC.
Place of publication, distribution, etc. თბილისი.
260 ## - PUBLICATION, DISTRIBUTION, ETC.
Name of publisher, distributor, etc. მერანი.
260 ## - PUBLICATION, DISTRIBUTION, ETC.
Date of publication, distribution, etc. 1970.
300 ## - PHYSICAL DESCRIPTION
Extent 160გვ;13სმ
300 ## - PHYSICAL DESCRIPTION
Other physical details 1ფ. პორტრ.
653 ## - INDEX TERM--UNCONTROLLED
Uncontrolled term ანისის აღება
653 ## - INDEX TERM--UNCONTROLLED
Uncontrolled term ისტორიული პოემა და ლექსები
942 ## - ADDED ENTRY ELEMENTS (KOHA)
Koha item type წიგნი
ეგზემპლარები
Withdrawn status Lost status Damaged status Not for loan Date acquired Barcode Date last seen Price effective from Koha item type
        2018-12-17 31776 2018-12-17 2018-12-17 წიგნი
        2018-12-17 31777 2018-12-17 2018-12-17 წიგნი